The £60k house (Record no. 77200)

MARC details
000 -LEADER
fixed length control field 01096cab a2200217 4500
001 - CONTROL NUMBER
control field ##L133775
008 - FIXED-LENGTH DATA ELEMENTS--GENERAL INFORMATION
fixed length control field 060609n2006 000 0 eng u
035 ## - SYSTEM CONTROL NUMBER
System control number (Sirsi) u133775
041 0# - LANGUAGE CODE
Language code of text/sound track or separate title eng
100 1# - MAIN ENTRY--PERSONAL NAME
Personal name Smith, Kristina
245 04 - TITLE STATEMENT
Title The £60k house
260 ## - PUBLICATION, DISTRIBUTION, ETC.
Date of publication, distribution, etc. 2006
490 #0 - SERIES STATEMENT
Series statement Construction Manager
Volume/sequential designation June 2006, 12(1)
520 ## - SUMMARY, ETC.
Summary, etc. Reports on the results of the government's Design for Manufacture competition, in which a number of developers produced designs for affordable houses for key workers for a total construction cost not exceeding £60 000. Concerns are expressed that as this sum does not represent the total sale price, the houses may still be unaffordable by those for whom they were originally designed. In addition, only 30% of the housing on the sites earmarked for development by the government will be of this value.
590 ## - LOCAL NOTE (RLIN)
Local note IKA200606, KA
650 24 - SUBJECT ADDED ENTRY--TOPICAL TERM
Topical term or geographic name entry element Affordable housing
9 (RLIN) 6215
650 24 - SUBJECT ADDED ENTRY--TOPICAL TERM
Topical term or geographic name entry element DCLG DESIGN FOR MANUFACTURE COMPETITION
651 #4 - SUBJECT ADDED ENTRY--GEOGRAPHIC NAME
Geographic name England
Chronological subdivision 886-
690 ## - LOCAL SUBJECT ADDED ENTRY--TOPICAL TERM (OCLC, RLIN)
Topical term or geographic name as entry element PROPERTY-RESIDENTIAL PROPERTY-RESIDENTIAL PROPERTY DEVELOPMENT
942 ## - ADDED ENTRY ELEMENTS (KOHA)
Suppress in OPAC 0
Holdings
Withdrawn status Lost status Source of classification or shelving scheme Damaged status Not for loan Home library Current library Shelving location Date acquired Total Checkouts Full call number Barcode Date last seen Copy number Price effective from Koha item type
    Dewey Decimal Classification     London London Journal article 09/06/2006   L133775 133775-1001 06/08/2019 1 06/08/2019 Journal article